Využívanie podpory podnikania v slovenskom poľnohospodárstve

Teoretický prístup k riešeniu skúmanej problematiky. Podpora poľnohospodárstva vo vybraných krajinách EÚ za rok 2013. Tržby v poľnohospodárstve podľa intervalu ekonomickej veľkosti podniku v SR za rok 2014. Dotácie do poľnohospodárstva. Riziká z prerozdeľovania dotačných prostriedkov v poľnohospodár...

Description complète

Enregistré dans:
Détails bibliographiques
Auteur principal: Šúbertová, Elena
Autres auteurs: Srovnalíková, Paulína
Format: Chapitre de livre
Langue:slovaque
Sujets:
Tags: Ajouter un tag
Pas de tags, Soyez le premier à ajouter un tag!

MARC

LEADER 00000naa$a2200000$$$4500
001 0225077
005 20240527080332.1
041 0 |a slo 
044 |a SK 
245 1 0 |a Využívanie podpory podnikania v slovenskom poľnohospodárstve  |c Elena Šúbertová, Paulína Srovnalíková 
520 |a Teoretický prístup k riešeniu skúmanej problematiky. Podpora poľnohospodárstva vo vybraných krajinách EÚ za rok 2013. Tržby v poľnohospodárstve podľa intervalu ekonomickej veľkosti podniku v SR za rok 2014. Dotácie do poľnohospodárstva. Riziká z prerozdeľovania dotačných prostriedkov v poľnohospodárstve. 
610 2 0 |a poľnohospodárstvo 
610 2 0 |a dotácie štátne 
610 2 0 |a tržby 
610 2 0 |a podpora podnikania 
610 2 0 |a podnikanie 
610 2 0 |a Slovensko 
610 2 0 |a Európska únia 
100 1 |a Šúbertová, Elena 
700 1 |a Srovnalíková, Paulína